Bình giảng thơ Đường : Theo sách giáo khoa ngữ văn mới /
Na minha lista:
| Autor principal: | |
|---|---|
| Formato: | Sách giấy |
| Idioma: | Vietnamese |
| Publicado em: |
H. :
Giáo dục,
2004
|
| Edição: | Tái bản lần thứ nhất |
| Assuntos: | |
| Tags: |
Adicionar Tag
Sem tags, seja o primeiro a adicionar uma tag!
|
| Thư viện lưu trữ: | Thư viện Trường Đại học Đà Lạt |
|---|
| LEADER | 00782nam a2200301 4500 | ||
|---|---|---|---|
| 001 | DLU040030233 | ||
| 005 | ##20041221 | ||
| 040 | # | # | |a DLU |b vie |
| 041 | # | # | |a vie |
| 044 | # | # | |a vn |
| 082 | # | # | |a 895.922 1 |b NG-H |
| 100 | # | # | |a Nguyễn Thị Bích Hải |
| 245 | # | # | |a Bình giảng thơ Đường : |b Theo sách giáo khoa ngữ văn mới / |c Nguyễn Thị Bích Hải |
| 250 | # | # | |a Tái bản lần thứ nhất |
| 260 | # | # | |a H. : |b Giáo dục, |c 2004 |
| 300 | # | # | |a 155 tr. ; |c 20 cm |
| 653 | # | # | |a Bình giảng văn học |
| 653 | # | # | |a Thơ Đường |
| 923 | # | # | |a 41/2004 |
| 992 | # | # | |a 10.800 |
| 994 | # | # | |a DLU |
| 900 | # | # | |a True |
| 911 | # | # | |a Đào Thị Thu Huyền |
| 925 | # | # | |a G |
| 926 | # | # | |a A |
| 927 | # | # | |a SH |
| 980 | # | # | |a Thư viện Trường Đại học Đà Lạt |